| 000 | 00435nam a2200157Ia 4500 | ||
|---|---|---|---|
| 008 | 210324s9999||||xx |||||||||||||| ||und|| | ||
| 040 | _cSTCPL | ||
| 041 | _hENG | ||
| 082 |
_a050 _bHAR-S |
||
| 100 | _aHarding D.W. | ||
| 245 | 0 | _aScrutiny a quarterly review, 1947 - 48, Vol. XV | |
| 260 |
_aLondon _bCambridge At The University Press _c1963 |
||
| 300 | _a337 | ||
| 650 | _aGeneral Serial Publications And Their Indexes | ||
| 942 | _cBK | ||
| 999 |
_c11039 _d11039 |
||